• 首页
  • 本馆介绍
  • 公告通知
  • 最新文献
  • 馆藏检索
  • 电子资源
  • 读者导购
  • 参考咨询
  • 我的图书馆
  • 登录
  • 详细信息显示
  • 放入我的书架
  • 预约/预借图书
  • 作者相关作品
  • 分类相关作品
  • 丛书相关作品
  • 出版社相关作品

书目信息

  • 表格格式
  • 工作单格式
  • 卡片格式
题名:
治安部门管辖的106种刑事案件统一罪名的认定、处罚与相关执法参考
    
 
作者: ;本书编写组 编
分册:  
出版信息: 北京   中国人民公安大学出版社  2012
页数: 784页
开本: 26cm
丛书名:
单 册:
中图分类: D924.304
科图分类:
主题词: 刑法--罪名--认定--中国--学习参考资料 , 刑法 , 罪名
电子资源:
ISBN: 978-7-5653-0871-0
000 01077nam0 2200265 450
001 523
005 20140908090242.21
010    @a978-7-5653-0871-0@dCNY118.00
100    @a20120823d2012 em y0chiy50 ea
101 0  @achi
102    @aCN@b110000
105    @ay z 000yy
106    @ar
200 1  @a治安部门管辖的106种刑事案件统一罪名的认定、处罚与相关执法参考@AZhi An Bu Men Guan Xia De 106 Zhong Xing Shi An Jian Tong Yi Zui Ming De Ren Ding、 Chu Fa Yu Xiang Guan Zhi Fa Can Kao@e2012版@E2012 Ban@f本书编写组编@FBen Shu Bian Xie Zu Bian
210    @a北京@c中国人民公安大学出版社@d2012
215    @a784页@d26cm
300    @a公安机关办案宝典
330    @a本书为中华人民共和国刑法、刑事诉讼法法律、法条汇编。内容包括:危害公共安全罪;破坏社会主义市场经济秩序罪;侵犯公民人身权利、民主权力罪;侵犯财产罪;妨害社会管理秩序罪。
606 0  @a刑法@x罪名@x认定@y中国@j学习参考资料
606 0  @a刑法
606 0  @a罪名
690    @aD924.304@v5
711 02 @a本书编写组@ABen Shu Bian Xie Zu@4编
801  0 @aCN@bTANGWEI@c20140603
905    @b0841133-35@dD924.304@e424@f3
    
    治安部门管辖的106种刑事案件统一罪名的认定、处罚与相关执法参考:2012版/本书编写组编.-北京:中国人民公安大学出版社,2012
    784页;26cm
    公安机关办案宝典
    
    ISBN 978-7-5653-0871-0:CNY118.00
    本书为中华人民共和国刑法、刑事诉讼法法律、法条汇编。内容包括:危害公共安全罪;破坏社会主义市场经济秩序罪;侵犯公民人身权利、民主权力罪;侵犯财产罪;妨害社会管理秩序罪。
●
相关链接 在E读中查询图书 在五车中查询图书 在当当中查询图书 在豆瓣中查询图书


正题名:治安部门管辖的106种刑事案件统一罪名的认定、处罚与相关执法参考     索取号:D924.304/424         预约/预借

序号 登录号 条形码 馆藏地/架位号 状态 备注
1 0841133   208411333   第一样本阅览室/ [索取号:D924.304/424] 在馆    
2 0841134   208411342   第一借阅区/ [索取号:D924.304/424] 在馆    
3 0841135   208411351   密集书库-史法系/ [索取号:D924.304/424] 在馆    
唐山师范学院图书馆 欢迎您!
大连网信软件有限公司© 版权所有